01992nam a2200229Ia 45000010005000000080041000050100009000460410014000550820014000692450158000832600018002413000007002595200007002666300016002736300020002896300031003096500027003407000028003677000030003957000045004255201292004701749241029s9999 xx 000 0 und d a1636 aEspañol aNO APLICA 0aLa Participación Efectiva en el Ámbito Educativo. Programa de Maestría en Formación de Formadores e Intervención para el Cambio Socio-educativo aSanto Domingo a96 a12 aEducación aParticipación aPrograma de Intervención aCapacitación Docente easesoraContreras, Ana  eautoraCabrera, Argentina eautoraMena Álvarez, Rosa del Carmen aEl estudio se planteó como objetivo principal analizar procesos de participación que permitan la construcción de una propuesta de participación transformadora, en el profesorado del Centro Educativo Elvira de Mendoza, además determinar los niveles de participación del profesorado del centro.La metodología utilizada fue de corte cualitativo, cuya finalidad fue transformar la realidad e introducir mejoras a través de la metodología de la investigación acción. Como instrumento se empleó un cuestionario, entrevistas y la observación. El grupo con el cual se llevó a efecto la experiencia, estuvo integrado por 4 profesores que imparten docencia en el segundo ciclo del nivel básico en la citada escuela, 12 estudiantes y a la directora del Centro Educativo.Entre los principales resultados, se destaca que en términos generales, se puede afirmar el éxito de este proyecto, pues se logró que el profesorado se empoderara de nuevas estrategias, para promover una participación auténtica y efectiva en el ámbito aúlico, no obstante se amerita de un continuo fortalecimiento del proceso, visto que aún haciendo esfuerzos inmensos algunos de los docentes no lograron propiciar la reflexión en los alumnos y alumnas en su proceso pedagógico.